000 00688nam a22002417a 4500
003 UA-OsUOA
001 23169
007 ta
008 20040114b un ||||| |||| 00| 0 ukr d
100 _aКіндрат К. П.
090 _a27 (477)
_bК532
942 _cBK
040 _aUA-OsUOA
_bukr
_cUA-OsUOA
_dUA-OsUOA
245 _aМитрополит Андрей Шептицький -праведник України. Книга памяті
_bНауково-педагогічний посібник
300 _a96 с.
955 _a0
041 _aukr
080 _a27 (477)
260 _aРівне
_b"Ліста"
_c2001
044 _aUA
650 7 _2UDC
999 _c309412
_d309412